Najczęściej odgadywane państwa w JetPunk - Statystyki

Ogólne statystyki
  • Ten quiz został rozwiązany 17 razy
  • Średni wynik to 26 z 29
Statystyki odpowiedzi
Procenty Państwo % Poprawnych
90% Białoruś
100%
92% Chiny
100%
92% Hiszpania
100%
94% Niemcy
100%
89% Norwegia
100%
96% Polska
100%
90% Portugalia
100%
95% Rosja
100%
94% Stany Zjednoczone
100%
93% Ukraina
100%
89% Brazylia
94%
94% Francja
94%
91% Kanada
94%
90% Litwa
94%
90% Szwecja
94%
90% Wielka Brytania
94%
92% Włochy
94%
88% Japonia
88%
87% Łotwa
88%
87% Meksyk
88%
87% Australia
81%
91% Czechy
81%
86% Dania
81%
85% Estonia
81%
85% Grecja
81%
89% Słowacja
81%
87% Finlandia
75%
86% Irlandia
69%
85% Turcja
63%
Nie znaleziono quizów pasujących do podanych kryteriów
Rozkład punktacji
Procent ludzi z każdym wynikiem
Percentyl według liczby udzielonych odpowiedzi
Twoja historia wyników
Nie rozwiązałeś tego quizu